Hegel : ensayo sobre la formación del sistema hegeliano /

Tallennettuna:
Bibliografiset tiedot
Päätekijä: Palmier, Jean-Michel (autor)
Muut tekijät: Utrilla Trejo, Juan José (traducción) (traducción)
Aineistotyyppi: Kirja
Kieli:espanja
Julkaistu: México : Fondo de Cultura Económica, 1977, c1971
Tagit: Lisää tagi
Ei tageja, Lisää ensimmäinen tagi!

MARC

LEADER 00000nam^a2200000^a^4500
001 000572107
005 20250521000000.0
009 20260310132301.597
037 |a Acervo Xavier Clavigero 
041 |a ESP 
091 |a FPA. 03615 
100 |a Palmier, Jean-Michel  |e (autor) 
245 1 0 |a Hegel :  |b ensayo sobre la formación del sistema hegeliano / 
264 4 |a México :  |b Fondo de Cultura Económica,  |c 1977, c1971 
300 |a 118 p. 
336 |a texto  |b txt  |2 rdacontenido 
337 |a sin mediación  |b n  |2 rdamedio 
338 |a volumen  |b nc  |2 rdasoporte 
649 |a XX 
700 |a Utrilla Trejo, Juan José  |e (traducción) 
910 |a Fondo José Ignacio Palencia Gómez S.J. 
920 |a Impresos - Libros 
930 |a Fondos Especiales 
905 |a 137 
901 |a 0500355526  |b IT2  |c ESL  |i D  |u 20250521 
902 |a https://opac.biblio.iteso.mx/vufind/Record/000572107